000 01191cam a2200217 4500
001 WB3906-21
008 030211n2003 000 0 eng u
035 _a(Sirsi) u121317
245 _aConsultation on draft EU foot and mouth directive
260 _c2003
490 _aDEFRA News Release
_v(45/03) 7 February 2003 (2)
520 _aViews are sought on a draft EU Directive for the control of foot and mouth disease (FMD). The Directive includes many of the recommendations made in the UK Inquiry Reports and accepted by government. It also reflects government's view that emergency vaccination should be considered as part of the control plan from the start of any outbreak of FMD. Responses should be sent by Friday 2 May 2003. The consultation document is available from the DEFRA website at http://www.defa.gov.uk/corporate/consult/fmdcontrol/index.htm. DEFRA press release http://www.gnn.gov.uk/gnn/national.nsf/Daily+News/8D8BF930F96E295780256CC6005903C8?opendocument
590 _aWB
650 _aDEFRA
650 _aFOOT-AND-MOUTH DISEASE
650 _aEC DIRECTIVES
650 _aCONSULTATION
650 _aEUROPEAN COMMISSION
690 _aRural
_96268
942 _n0
999 _c72090
_d72090